Szczegóły MARC21

Zasady sporządzania prac magisterskich, licencjackich i inżynierskich : poradnik dla dyplomantów /

003 -Nazwa inst., której nr kontr. jest w polu 001 [,]
    • @
    • Nazwa instytucji, której n kontrolny jest w polu 001
    • NUKAT
005 -DATA I CZAS OSTATNIEJ MODYFIKACJI [,]
    • @
    • pole kontrolne
    • 20241231105110.0
020 -Międzynarod. znormalizowany nr książki - ISBN [ , ]
    • a
    • Numer ISBN
    • 8391919803 Find
040 -Instytucja sporządzająca opis [ , ]
    • a
    • Instytucja, która sporządziła opis (NP)
    • KR U/IN
    • c
    • Instytucja, która sporządziła rekord (NP)
    • KR U/IN
    • d
    • Instytucja, która zmodyfikowała rekord (P)
    • KR U/ES
    • d
    • Instytucja, która zmodyfikowała rekord (P)
    • WA U/JSs
942 -Rodzaj dokumentu [ , ]
    • c
    • Rodzaj dokumentu
    • Książka
100 -Hasło główne - nazwa osobowa [1, ]
    • a
    • Nazwa osobowa (NP)
    • Pabian, Arnold.
    • 9
    • KHW
    • 14607
245 -Strefa tytułu i oznaczenia odpowiedzialności [1,0]
    • a
    • Tytuł
    • Zasady sporządzania prac magisterskich, licencjackich i inżynierskich : Find
    • b
    • Ciąg dalszy tytułu (NP)
    • poradnik dla dyplomantów / Find
    • c
    • Pozostałe elementy strefy tytułu i oznaczenia odpowiedzialności (NP)
    • Arnold Pabian, Wiesław Gworys ; Wyższa Szkoła Hotelarstwa i Turystyki w Częstochowie.
260 -Strefa adresu wydawniczego [ , ]
    • a
    • Miejsce wydania (P)
    • Częstochowa :
    • b
    • Nazwa wydawcy (P)
    • WSHiT,
    • c
    • Data wydania (P)
    • 2003.
300 -Strefa opisu fizycznego [ , ]
    • a
    • Określenie formy książki i/lub objętość (NP)
    • 55 s. :
    • b
    • Oznaczenie ilustracji (NP)
    • wykr. ;
    • c
    • Format (NP)
    • 24 cm.
336 -Typ zawartości [ , ]
    • a
    • Termin opisujący typ zawartości
    • Tekst
    • b
    • Kod określający zawartość
    • txt
    • 2
    • Źródło (terminu i kodu)
    • rdacontent
337 -Typ mediów [ , ]
    • a
    • Tryb odtwarzania
    • Bez urządzenia pośredniczącego
    • b
    • Kod typu mediów
    • n
    • 2
    • Źródło (terminu i kodu)
    • rdamedia
338 -Typ/rodzaj nośnika [ , ]
    • a
    • Hasło opisujące typ nośnika
    • Wolumin
    • b
    • Kod typu nośnika
    • nc
    • 2
    • Źródło (terminu i kodu)
    • rdacarrier
504 -Uwaga dot. bibliogr. załącznikowej [ , ]
    • a
    • Uwaga dot. bibliografii załącznikowej
    • Bibliogr. s. 55.
080 -Uniwersalna Klasyfikacja Dziesiętna [ , ]
    • 2
    • Identyfikator wydania tablic
    • UDC-P058
    • 9
    • UKD
    • 3957
    • a
    • Symbol klasyfikacji
    • 378.22
    • b
    • Dopowiedzenie
    • Stopnie i tytuły absolwentów szkół wyższych. Licencjat, magister. Wymagania dotyczące prac magisterskich i dyplomowych. Osoby z wyższym wykształceniem. Absolwenci.
    • 4
    • UKD2
    • 8168
    • x
    • Poddział wspólny
    • (083.1)
    • c
    • Dopowiedzenie poddz. wspólnego
    • (Przepisy. Instrukcje. Poradniki praktyczne).
080 -Uniwersalna Klasyfikacja Dziesiętna [ , ]
    • 2
    • Identyfikator wydania tablic
    • UDC-P058
    • 9
    • UKD
    • 1892
    • a
    • Symbol klasyfikacji
    • 001.81
    • b
    • Dopowiedzenie
    • Metodyka i technika pracy umysłowej. Dyskusja.
    • 4
    • UKD2
    • 8168
    • x
    • Poddział wspólny
    • (083.1)
    • c
    • Dopowiedzenie poddz. wspólnego
    • (Przepisy. Instrukcje. Poradniki praktyczne).
650 -Hasło przedmiotowe [ ,7]
    • a
    • Hasło przedmiotowe
    • Rozprawy akademickie
    • v
    • Określnik formalny
    • poradniki.
    • 2
    • Źródło terminu
    • kaba
    • 9
    • KHW
    • 352665
980 -Symbol UKD [ , ]
    • a
    • UKD
    • 378.22:001.81](083.1)
700 -Hasło dodatkowe - nazwa osobowa [1, ]
    • a
    • Nazwa osobowa (NP)
    • Gworys, Wiesław. Find
    • 9
    • KHW
    • 11395
920 -ISBN [ , ]
    • a
    • ISBN
    • 83-919198-0-3 Find
Status udost. Sygnatura Numer inwentarzowy Lokalizacja Data inwentaryzacji
-2T.18638T.18638T2014-12-31
-3TM.12062TM.12062T2014-12-31
-2TM.12061TM.12061T2014-12-31